Vista normal
Vista MARC
Entrada Topical Term
Número de registros utilizados en: 2
001 - CONTROL NUMBER
- control field: 10927
003 - CONTROL NUMBER IDENTIFIER
- control field: OSt
005 - DATE AND TIME OF LATEST TRANSACTION
- control field: 20230915230155.0
008 - FIXED-LENGTH DATA ELEMENTS
- fixed length control field: 230915|| aca||aabn | a|a d
040 ## - CATALOGING SOURCE
- Original cataloging agency: OSt
- Transcribing agency: OSt
150 ## - HEADING--TOPICAL TERM
- Topical term or geographic name entry element: CLAUSULAS DE IRRESPONSABILIDAD Y DE RESPONSABILIDAD ATENUADA
670 ## - SOURCE DATA FOUND
- Source citation: Work cat.: (OSt)21066: Rodriguez ; Arturo Alessandri, 10925, De la Responsabilidad Extracontractual en el Derecho Civil, 1987 Tomo I